| 000 | 00749nam a2200265 i 4500 | ||
|---|---|---|---|
| 001 | C2-0221269 | ||
| 003 | PPAK | ||
| 005 | 20180728150851.0 | ||
| 008 | 991020s my a|||| ||||| | may d | ||
| 020 | _a9830840999 | ||
| 040 |
_aPPAK _beng _cPPAK _erda |
||
| 082 | 0 | 4 |
_a297 _223 |
| 090 | 0 | 0 |
_a297 _bBER _dK |
| 245 | 0 | 0 | _aBerkat berselawat |
| 264 | 1 |
_aKuala Lumpur : _bKiddibird , _c[date of publication not identified] |
|
| 300 |
_a[15 pages] : _bcolour illustrations ; _c26 cm |
||
| 336 |
_2rdacontent _atext |
||
| 337 |
_2rdamedia _aunmediated |
||
| 338 |
_2rdacarrier _avolume |
||
| 490 | 1 | _aSiri Sinar Islam | |
| 650 | 1 | 0 | _aIslamic stories, Malay |
| 700 | 0 |
_aUmmu Juwairiah, _ecompile |
|
| 830 | 0 | _aSiri Sinar Islam | |
| 942 |
_ddc _cB |
||
| 999 |
_c142922 _d142922 |
||